[Event "Rennes op 7th"]
[Site "Rennes"]
[Date "2014.07.11"]
[Round "9"]
[White "Alanic, Xavier"]
[Black "Quellec, Yannick"]
[Result "1-0"]
[WhiteElo "2281"]
[BlackElo "1892"]
[PlyCount "39"]
[EventDate "2014.07.05"]
[EventType "swiss"]
[EventRounds "9"]
[EventCountry "FRA"]
[SourceTitle "CBM 161 Extra"]
[Source "ChessBase"]
[SourceDate "2014.08.29"]
[SourceVersion "1"]
[SourceVersionDate "2014.08.29"]
[SourceQuality "1"]

1. Nf3 d6 2. c4 e5 3. Nc3 f5 4. d4 Nd7 5. e4 Ngf6 6. exf5 Be7 7. g4 Nxg4 8. Rg1 exd4 9. Nxd4 Nde5 10. Rxg4 Nxg4 11. Qxg4 0-0 12. Bd3 Bh4 13. Be3 c5 14. Ne6 Bxe6 15. fxe6 Qf6 16. 0-0-0 Bxf2 17. Bxf2 Qxf2 18. Nd5 Qxh2 19. e7 Rf7 20. Re1 1-0

[Event "Rennes op 2nd"]
[Site "Rennes"]
[Date "2009.07.20"]
[Round "6"]
[White "Belouassa, Aurelien"]
[Black "Quellec, Yannick"]
[Result "0-1"]
[WhiteElo "1550"]
[BlackElo "1900"]
[PlyCount "86"]
[EventDate "2009.07.15"]
[EventType "swiss"]
[EventRounds "9"]
[EventCountry "FRA"]
[SourceTitle "EXT 2011"]
[Source "ChessBase"]
[SourceDate "2010.11.26"]
[SourceVersion "1"]
[SourceVersionDate "2010.11.26"]
[SourceQuality "1"]

1. e4 e6 2. d4 d5 3. Nc3 Bb4 4. Nge2 dxe4 5. g3 c5 6. dxc5 Qxd1+ 7. Kxd1 Bxc5 8. Nxe4 Be7 9. Bg2 Nc6 10. Bf4 e5 11. Be3 Bf5 12. Ke1 0-0-0 13. Rd1 Nf6 14. Nxf6 Bxf6 15. Bxc6 bxc6 16. c3 Kb7 17. Nc1 a5 18. Ke2 e4 19. Rd2 Bg4+ 20. Ke1 a4 21. h3 Bf3 22. Rg1 a3 23. Bd4 Bg5 24. Be3 Bxe3 25. fxe3 Rxd2 26. Kxd2 axb2 27. Nb3 Ra8 28. Rb1 Rxa2 29. Kc2 Kc7 30. Rxb2 Bd1+ 31. Kc1 Rxb2 32. Kxb2 Bxb3 33. Kxb3 Kd6 34. Kc2 f5 35. Kd2 Kd5 36. h4 g6 37. Ke2 Kc4 38. Kd2 Kb3 39. c4 Kxc4 40. Kc2 h6 41. Kd2 Kb3 42. Ke2 Kb2 43. Kd2 c5 0-1

[Event "Rennes op 2nd"]
[Site "Rennes"]
[Date "2009.07.18"]
[Round "4"]
[White "Mandon, Fabrice"]
[Black "Quellec, Yannick"]
[Result "1-0"]
[WhiteElo "2251"]
[BlackElo "1900"]
[PlyCount "73"]
[EventDate "2009.07.15"]
[EventType "swiss"]
[EventRounds "9"]
[EventCountry "FRA"]
[SourceTitle "EXT 2011"]
[Source "ChessBase"]
[SourceDate "2010.11.26"]
[SourceVersion "1"]
[SourceVersionDate "2010.11.26"]
[SourceQuality "1"]

1. e4 e6 2. d4 d5 3. Nc3 Bb4 4. e5 c5 5. a3 Bxc3+ 6. bxc3 Qc7 7. Qg4 Ne7 8. Qxg7 Rg8 9. Qxh7 cxd4 10. Ne2 Nbc6 11. f4 Bd7 12. Rb1 dxc3 13. Qd3 0-0-0 14. Qxc3 Nf5 15. Qd3 d4 16. Rg1 f6 17. exf6 e5 18. f7 Rg7 19. g3 e4 20. Qxe4 d3 21. cxd3 Rxf7 22. Kf2 Re8 23. Qc4 Be6 24. Qc5 b6 25. Qb5 Rfe7 26. Bb2 Bd7 27. Rc1 Rxe2+ 28. Bxe2 Rxe2+ 29. Kxe2 Nfd4+ 30. Bxd4 Nxd4+ 31. Ke3 Nxb5 32. Rxc7+ Kxc7 33. g4 Nxa3 34. h4 b5 35. h5 Be6 36. h6 Bg8 37. g5 1-0